Men’s Health : a man’s guide to grilling / (Record no. 1196)
[ view plain ]
| 000 -LEADER | |
|---|---|
| fixed length control field | 00541nam a2200193 4500 |
| 003 - CONTROL NUMBER IDENTIFIER | |
| control field | OSt |
| 005 - DATE AND TIME OF LATEST TRANSACTION | |
| control field | 20240624025651.0 |
| 008 - FIXED-LENGTH DATA ELEMENTS--GENERAL INFORMATION | |
| fixed length control field | 240624b |||||||| |||| 00| 0 eng d |
| 040 ## - CATALOGING SOURCE | |
| Original cataloging agency | DWCL-HMN lib. |
| Transcribing agency | OC |
| 082 ## - DEWEY DECIMAL CLASSIFICATION NUMBER | |
| Classification number | Circ. 641.76 M534 2007 |
| 006 - FIXED-LENGTH DATA ELEMENTS--ADDITIONAL MATERIAL CHARACTERISTICS | |
| fixed length control field | a |
| 110 ## - MAIN ENTRY--CORPORATE NAME | |
| Corporate name or jurisdiction name as entry element | Men’s Health Magazine |
| 245 ## - TITLE STATEMENT | |
| Title | Men’s Health : a man’s guide to grilling / |
| 260 ## - PUBLICATION, DISTRIBUTION, ETC. | |
| Place of publication, distribution, etc. | USA : |
| Name of publisher, distributor, etc. | Rodale Inc. , |
| Date of publication, distribution, etc. | c2007. |
| 300 ## - PHYSICAL DESCRIPTION | |
| Other physical details | 167 p. : col. ill. ; |
| Dimensions | 23 cm. |
| 650 ## - SUBJECT ADDED ENTRY--TOPICAL TERM | |
| Topical term or geographic name entry element | 1. Grilling. |
| 650 ## - SUBJECT ADDED ENTRY--TOPICAL TERM | |
| Topical term or geographic name entry element | 2. Barbecue cooking. |
| 942 ## - ADDED ENTRY ELEMENTS (KOHA) | |
| Source of classification or shelving scheme | Dewey Decimal Classification |
| Suppress in OPAC | No |
| Koha item type | Book Circulation |
| Call number prefix | Circ. |